书目信息 |
| 题名: |
文化“走出去”背景下的大学生跨文化交际能力培养研究
|
|
| 作者: | 郭姗姗 著 | |
| 分册: | ||
| 出版信息: | 北京 北京工业大学出版社 2018 |
|
| 页数: | 208页 | |
| 开本: | 24cm | |
| 丛书名: | ||
| 单 册: | ||
| 中图分类: | G125 | |
| 科图分类: | ||
| 主题词: | 大学生--文化交流--能力培养--研究--中国 | |
| 电子资源: | ||
| ISBN: | 978-7-5639-6492-5 | |
| 000 | 01292nam0 2200241 450 | |
| 001 | 2354788242 | |
| 005 | 20231214151317.42 | |
| 010 | @a978-7-5639-6492-5@dCNY59.80 | |
| 100 | @a20210701d2018 em y0chiy50 ea | |
| 101 | 0 | @achi |
| 102 | @aCN@b110000 | |
| 105 | @ay a 000yy | |
| 200 | 1 | @a文化“走出去”背景下的大学生跨文化交际能力培养研究@Awen hua “zou chu qu ”bei jing xia de da xue sheng kua wen hua jiao ji neng li pei yang yan jiu@f郭姗姗著 |
| 210 | @a北京@c北京工业大学出版社@d2018 | |
| 215 | @a208页@d24cm | |
| 300 | @a本书系江苏省教育科学“十三五”规划2018年度课题研究成果 (项目名称: 中国文化“走出去”背景下的大学生跨文化交际能力培养研究; 项目编号: D/2018/01/71) 本研究成果得到江苏高校“青蓝工程”资助 该著作亦为徐州工程学院学术著作出版资金资助项目 | |
| 320 | @a有书目 (第204-207页) | |
| 330 | @a本书由文化“走出去”战略的提出、文化“走出去”战略的意义、跨文化交际能力的内涵等方面构成。以大学生跨文化交际能力培养为研究对象, 从分析文化“走出去”背景入手, 阐释在此背景下跨文化交际能力的内涵, 从教学理念、教材建设等方面来讨论如何提高大学生的跨文化交际能力, 从而真正满足文化“走出去”的发展需求。 | |
| 606 | 0 | @a大学生@x文化交流@x能力培养@x研究@y中国 |
| 690 | @aG125@v5 | |
| 701 | 0 | @a郭姗姗@Aguo shan shan@4著 |
| 801 | 0 | @aCN@b湖北三新@c20210701 |
| 905 | @aZUCC@dG125@e11 | |
| 文化“走出去”背景下的大学生跨文化交际能力培养研究/郭姗姗著.-北京:北京工业大学出版社,2018 |
| 208页;24cm |
| 本书系江苏省教育科学“十三五”规划2018年度课题研究成果 (项目名称: 中国文化“走出去”背景下的大学生跨文化交际能力培养研究; 项目编号: D/2018/01/71) 本研究成果得到江苏高校“青蓝工程”资助 该著作亦为徐州工程学院学术著作出版资金资助项目 |
| ISBN 978-7-5639-6492-5:CNY59.80 |
| 本书由文化“走出去”战略的提出、文化“走出去”战略的意义、跨文化交际能力的内涵等方面构成。以大学生跨文化交际能力培养为研究对象, 从分析文化“走出去”背景入手, 阐释在此背景下跨文化交际能力的内涵, 从教学理念、教材建设等方面来讨论如何提高大学生的跨文化交际能力, 从而真正满足文化“走出去”的发展需求。 |
| ● |
| 相关链接 |
|
|
|
正题名:文化"走出去"背景下的大学生跨文化交际能力培养研究
索取号:G125/11
 
预约/预借
| 序号 | 登录号 | 条形码 | 馆藏地/架位号 | 状态 | 备注 |
| 1 | 2001475763 | 2001475763 | 共建书房-化工学院/ [索取号:G125/11] | 在馆 | |
| 2 | 2001475764 | 2001475764 | 共建书房-化工学院/ [索取号:G125/11] | 在馆 | |
| 3 | 2001475765 | 2001475765 | 共建书房-化工学院/ [索取号:G125/11] | 在馆 | |
| 4 | 2001475766 | 2001475766 | 共建书房-化工学院/ [索取号:G125/11] | 在馆 | |
| 5 | 2001475767 | 2001475767 | 共建书房-化工学院/ [索取号:G125/11] | 在馆 | |
| 6 | 2001475768 | 2001475768 | 218书库/ [索取号:G125/11] | 在馆 | |
| 7 | 2001475769 | 2001475769 | 218书库/ [索取号:G125/11] | 在馆 | |
| 8 | 2001475770 | 2001475770 | 218书库/ [索取号:G125/11] | 在馆 | |
| 9 | 2001475771 | 2001475771 | 218书库/ [索取号:G125/11] | 在馆 | |
| 10 | 2001475772 | 2001475772 | 218书库/ [索取号:G125/11] | 在馆 | |
| 11 | 2001475773 | 2001475773 | 218书库/ [索取号:G125/11] | 在馆 | |
| 12 | 2001475774 | 2001475774 | 共建书房-建工学院/ [索取号:G125/11] | 在馆 | |
| 13 | 2001475775 | 2001475775 | 共建书房-建工学院/ [索取号:G125/11] | 在馆 | |
| 14 | 2001475776 | 2001475776 | 共建书房-建工学院/ [索取号:G125/11] | 在馆 | |
| 15 | 2001475777 | 2001475777 | 共建书房-教育学院/ [索取号:G125/11] | 在馆 | |
| 16 | 2001475778 | 2001475778 | 共建书房-建工学院/ [索取号:G125/11] | 在馆 | |
| 17 | 2001475779 | 2001475779 | 共建书房-教育学院/ [索取号:G125/11] | 在馆 | |
| 18 | 2001475780 | 2001475780 | 共建书房-化工学院/ [索取号:G125/11] | 在馆 | |
| 19 | 2001475781 | 2001475781 | 共建书房-化工学院/ [索取号:G125/11] | 在馆 | |
| 20 | 2001475782 | 2001475782 | 共建书房-教育学院/ [索取号:G125/11] | 在馆 | |
| 21 | 2001475783 | 2001475783 | 共建书房-教育学院/ [索取号:G125/11] | 在馆 | |
| 22 | 2001475784 | 2001475784 | 共建书房-教育学院/ [索取号:G125/11] | 在馆 | |
| 23 | 2001475785 | 2001475785 | 共建书房-教育学院/ [索取号:G125/11] | 在馆 | |
| 24 | 2001475786 | 2001475786 | 共建书房-经管学院/ [索取号:G125/11] | 在馆 | |
| 25 | 2001475787 | 2001475787 | 共建书房-经管学院/ [索取号:G125/11] | 在馆 | |
| 26 | 2001475788 | 2001475788 | 共建书房-经管学院/ [索取号:G125/11] | 在馆 | |
| 27 | 2001475789 | 2001475789 | 601书库/ [索取号:G125/11] | 在馆 | |
| 28 | 2001475790 | 2001475790 | 601书库/ [索取号:G125/11] | 在馆 | |
| 29 | 2001475791 | 2001475791 | 共建书房-建工学院/ [索取号:G125/11] | 在馆 | |
| 30 | 2001475792 | 2001475792 | 共建书房-建工学院/ [索取号:G125/11] | 在馆 |